006830000a22002170004500111008000000650001500080650002300095650002600118650002500144651001000169651001000179650002900189082001700218518001100235530000800246245011100254260006600365260000900431041000800440300001700448 aThe Vegetable Crop Seminar, Nepal, Harihar Bhavan Lalitpru, April 8-12,1990 aVegetables aAgricultural areas aAgricultural research aAgricultural reports aNepal aLumle aLumle Agriculture Centre a635bL97rcN a940114 aRep aReport on outreach research activities of vegetable crop at Lumle Agricultural Centre From 1987-88/1987-90 aPokharabLumle Agricultural Centre, P.O. Box, 1, Kaski, Nepal c1990 aEng a75p.btables